| 000 | 00378nam a2200157Ia 4500 | ||
|---|---|---|---|
| 005 | 20250428014100.0 | ||
| 008 | 240331s9999 xx 000 0 und d | ||
| 020 | _a955202045X | ||
| 082 |
_bKOD _a891 |
||
| 100 | _aKodituwakku,R | ||
| 245 | 0 | _aMada nubanda weradi kale | |
| 260 |
_aColombo _bS . Godage & Brothers _c1996 |
||
| 300 | _a272 p ., | ||
| 650 | _aA Novel | ||
| 942 | _cL | ||
| 999 |
_c4832 _d4832 |
||